| 000 | 01374nam0a22002771 4500 | ||
|---|---|---|---|
| 001 | RU\NLR\INFOCOMM_253\5000057359 | ||
| 005 | 20250613101648.0 | ||
| 035 | _a(NLR Aleph) 009386741 | ||
| 090 |
_a8016997 _c8016997 |
||
| 100 | _a20110122d1969 |||y0rusy50 ca | ||
| 101 | 0 | _aspa | |
| 102 | _aRU | ||
| 105 | _ay ||||000|y | ||
| 200 | 1 |
_aLa situación internacional y la política exterior de la Unión Soviética _fInforme del diputado A. Gromiko, Ministro de relaciones exteriores de la URSS, pronunciado el 10 de julio de 1969 ante la sesión del Soviét Supremo de la URSS |
|
| 210 |
_aM. _cEd. de la Agencia de prensa "Nóvosti" _d1969 |
||
| 215 |
_a57 с. _d16 см |
||
| 300 | _aНа обл. авт. не указан | ||
| 300 | _aНа обороте тит. л.: Вопросы международного положения и внешней политики Советского Союза. Доклад Министра иностранных дел СССР, депутата А. А. Громыко на сессии Верховного Совета СССР 10 июля 1969 г. | ||
| 686 |
_aИр4880 _2rubbk |
||
| 700 | 1 |
_4070 _7ba _8rus _aGromyko _bA. A. _f1909-1989 _gAndrej Andreevič _92648290 _3RU\NLR\AUTH\770276323 |
|
| 801 | 1 |
_aRU _bNLR _c20110122 |
|
| 801 | 0 |
_aRU _bNLR _gPSBO |
|
| 852 |
_aNLR _jИр51 Д-2/32 |
||
| 942 | _cBOOK | ||
| 980 | _aNB | ||